The year without a Santa Claus ... Read More
Available copies
- 4 of 4 copies available at LARL/NWRL Consortium.
Current holds
0 current holds with 4 total copies.
Show Only Available Copies
| Location | Call Number / Copy Notes | Barcode | Shelving Location | Status | Due Date |
|---|---|---|---|---|---|
| Godel Memorial-Warren Library | DVD j YEA (Text) | 35500004273965 | Main | Available | - |
| Hallock Public Library | DVD j YEA (Text) | 35500004783377 | Main | Available | - |
| Roseau Public Library | DVD j YEA (Text) | 35500006374571 | Main | Available | - |
| Warroad Public Library | DVD j YEA (Text) | 35500006379075 | Main | Available | - |
Record details
- ISBN: 1419854968
- ISBN: 9781419854965
- Physical Description: 1 videodisc (125 min.) : sd., col. ; 4 3/4 in.
- Edition: Deluxe ed.
- Publisher: [United States] : Rankin/Bass Productions, c2007.
Content descriptions
| Formatted Contents Note: | The year without a Santa Claus -- Nestor the ... Read More |
| Participant or Performer Note: | Shirley Booth, Mickey Rooney, Dick Shawn. |
| Summary, etc.: | The year without a Santa Claus: When Santa decides ... Read More |
| System Details Note: | DVD ; standard (full screen) version ; Dolby ... Read More |
| Language Note: | Closed-captioned. Subtitles for the deaf and hard of hearing. |
Search for related items by subject
| Genre: | DVDs. |
| LDR | 01903cgm a2200373Ka 4500 | ||
|---|---|---|---|
| 001 | 86861 | ||
| 003 | LARL_NWRL_CONSORTIUM | ||
| 005 | 20071120144842.0 | ||
| 007 | vd cvaizm | ||
| 008 | 070927s2007 xxu125 j vaeng d | ||
| 020 | . | ‡a1419854968 | |
| 020 | . | ‡a9781419854965 | |
| 024 | 1 | . | ‡a085391162629 |
| 028 | 4 | 2. | ‡a116262 ‡bRankin/Bass |
| 037 | . | ‡bMidwest Tape ‡nhttp://www.midwesttapes.com | |
| 040 | . | ‡aTEFMT ‡cTEFMT ‡dCLE ‡dOCLCQ | |
| 245 | 0 | 4. | ‡aThe year without a Santa Claus ‡h[DVD/videorecording]. |
| 250 | . | ‡aDeluxe ed. | |
| 260 | . | ‡a[United States] : ‡bRankin/Bass Productions, ‡cc2007. | |
| 300 | . | ‡a1 videodisc (125 min.) : ‡bsd., col. ; ‡c4 3/4 in. | |
| 538 | . | ‡aDVD ; standard (full screen) version ; Dolby Digital mono. | |
| 546 | . | ‡aClosed-captioned. | |
| 546 | . | ‡aSubtitles for the deaf and hard of hearing. | |
| 511 | 0 | . | ‡aShirley Booth, Mickey Rooney, Dick Shawn. |
| 505 | 0 | . | ‡aThe year without a Santa Claus -- Nestor the long-eared Christmas Donkey -- Rudolph's shiny new year. |
| 520 | . | ‡aThe year without a Santa Claus: When Santa decides to take Christmas off, two elves go to find children to convince Santa to come back, but first they have to get past the Heat Miser and the Snow Miser. Nestor the long-eared Christmas donkey: An outcast donkey escorts an expectant couple to Bethlehem. Rudolph's shiny new year: Father Time asks Rudolph to find the missing new year baby. | |
| 655 | 0. | ‡aDVDs. | |
| 700 | 1 | . | ‡aBooth, Shirley. ‡0(LARL_NWRL_CONSORTIUM)138884 |
| 700 | 1 | . | ‡aRooney, Mickey. ‡0(LARL_NWRL_CONSORTIUM)84660 |
| 700 | 1 | . | ‡aShawn, Dick. ‡0(LARL_NWRL_CONSORTIUM)119058 |
| 901 | . | ‡a86861 ‡bISxN ‡c86861 ‡tbiblio | |

Add to basket
Permalink
Disable Highlighting